000 00299nam a22001337a 4500
008 170818b xxu||||| |||| 00| 0 eng d
020 _a3546158100
041 _aeng
080 _a51
100 _a37
101 _aMAT
245 _aSAMPLED DATA CONTROL SYSTEMS
_cACKERMAN.J
942 _2udc
_cBK
999 _c24039
_d24039